000 00888nas a2200301 4500
001 BR2014002358
003 BR-BrBNA
005 20231205123914.0
007 ta
008 230509b bl.|||p| |||| 00| 00por d
040 _aBR-BrBNA
_bpor
_cBiblioteca Nacional de Agricultura
041 _a(Pt)
072 _aH10
100 1 _aMorato, E.F.
100 1 _aAmarante, S.T.
100 1 _aSilveira, O.T.
245 1 _aAvaliação ecológica rápida da fauna de vespas (Hymenoptera: Aculeata)do Parque Nacional da Serra do Divisor, Acre, Brasil
650 _aVESPA
650 _aINSETO
650 _aECOLOGIA
650 _aFAUNA
650 _aAMOSTRAGEM
650 _aPARQUE NACIONAL
650 _aACRE
773 0 _tActa Amazonica (Brazil)
_xISSN 0044-5967
_g(Dec 2008), v. 38(4) p. 789-797
_wBR2014002358
909 _a202311
_bLúcia
_c55
_dLúcia Elande
942 _2AGRIS
_n0
_cANA
999 _c236309
_d236309